000 01100cam a22002417i 4500
999 _c114524
_d114524
001 18344973
005 20191107112229.0
008 141023s2015 nyua 000 0 eng d
020 _a9781580934152 (hbk)
020 _a1580934153 (hbk)
040 _cPK-LaUMT
082 0 4 _a712
_bRAV-G
100 1 _aRaver, Anne
245 1 4 _aThe good garden :
_bthe landscape architecture of Edmund Hollander Design /
_cwritten with Anne Raver ; principal photography by Charles Mayer
260 _aNew York :
_bThe Monacelli Press,
_c2015
300 _a302 p. :
_bcolor illustrations ;
_c25 x 31 cm
520 8 _aEdmund Hollander, one of New York's most eminent landscape designers, best know for his work in the Hamptons, reveals how plant scan add sensuality, texture, structure, and color to any garden. In this book Hollander provides an insider's glimpse into how his firm creates landscapes that are evocative, memorable, and layered.
650 0 _aLandscape gardening
_zUnited States
650 0 _aGardens, American
650 0 _aLandscape architecture
700 1 _aMayer, Charles,
942 _cBK